How to write for a living /

Bibliographic Details
Main Author: White, Trentwell Mason, 1901-1959
Format: Book
Language:English
Published: Boston : The Writer, inc., [1947]
Subjects:

MARC

Tag First Indicator Second Indicator Subfields
LEADER 00000cam a2200000 4500
001 in00000033823
005 20151007063324.0
008 780824s1947 mau 00010 eng
010 |a  47003450  
035 |a (OCoLC)04165225 
035 |9 AAD7110AM 
040 |a DLC  |c APL  |d TXA  |d UtOrBLW 
049 |a TXAM  |c [145336] 
050 0 |a PN3355  |b .W54 1947 
082 0 |a 808.3 
092 |a 808.3  |b W588h2 
100 1 |a White, Trentwell Mason,  |d 1901-1959. 
245 1 0 |a How to write for a living /  |c by Trentwell Mason White. 
264 1 |a Boston :  |b The Writer, inc.,  |c [1947] 
300 |a xix pages, 1 ., 21-319 pages ;  |c 21 cm. 
336 |a text  |b txt  |2 rdacontent 
337 |a unmediated  |b n  |2 rdamedia 
338 |a volume  |b nc  |2 rdacarrier 
500 |a "Contributors: Clayton Holt Ernst, Elizabeth Coatsworth, Alice Howard Spaulding ... [and others]" 
500 |a "Second edition." 
650 0 |a Fiction  |x Technique. 
650 0 |a Authorship. 
999 |a MARS 
999 f f |s 955ee20f-b31e-391e-8a86-aebcb4501a98  |i e0be1539-58c9-3d7a-86ce-e9b4a284ebdc  |t 0 
952 f f |p normal  |a Texas A&M University  |b College Station  |c Sterling C. Evans Library  |d Evans: Library Stacks  |t 0  |e PN3355 .W54 1947  |h Library of Congress classification  |i unmediated -- volume  |m A14801198811 
998 f f |a PN3355 .W54 1947  |t 0  |l Evans: Library Stacks